[Event "Dimitrovgrad Caribrod op"]
[Site "Dimitrovgrad"]
[Date "2024.03.30"]
[Round "3"]
[White "Vardakas, Stefanos"]
[Black "Todorovic, Bojan"]
[Result "1-0"]
[WhiteElo "1977"]
[BlackElo "2136"]
[PlyCount "100"]
[EventDate "2024.03.29"]
[EventType "swiss"]
[EventRounds "7"]
[EventCountry "SRB"]
[SourceTitle "CB16_2024"]
[SourceDate "2024.04.17"]
[SourceVersion "1"]
[SourceVersionDate "2024.04.17"]
[SourceQuality "1"]

1. d4 Nf6 2. Bf4 g6 3. Nc3 Bg7 4. e4 d6 5. Qd2 Nc6 6. 0-0-0 0-0 7. f3 Nd7 8. d5 Nce5 9. Bh6 Bxh6 10. Qxh6 Nb6 11. h4 e6 12. Nh3 f6 13. Qd2 exd5 14. exd5 Bxh3 15. Rxh3 f5 16. f4 Ng4 17. h5 Qf6 18. hxg6 hxg6 19. Bd3 Rae8 20. Rdh1 Re7 21. a4 a6 22. a5 Nd7 23. Be2 Nc5 24. Kb1 Kf7 25. Rh7+ Ke8 26. Rxe7+ Kxe7 27. Bxg4 fxg4 28. Qe2+ Kd8 29. Qxg4 Qxf4 30. Qxg6 Nd7 31. Rh7 Qf1+ 32. Ka2 Qc4+ 33. Ka3 Qc5+ 34. Kb3 Qxa5 35. Ne4 Qxd5+ 36. Ka3 Qa5+ 37. Kb3 Qb5+ 38. Ka3 a5 39. b3 Qb4+ 40. Kb2 Qd4+ 41. c3 Qe5 42. g4 Qe8 43. Qg7 Kc8 44. g5 Qd8 45. g6 Ne5 46. Qh6 d5 47. g7 Rg8 48. Rh8 Nf7 49. Qe6+ Kb8 50. Qxf7 Rxh8 1-0

[Event "GRE-chT2 48th"]
[Site "Thessaloniki"]
[Date "2021.10.10"]
[Round "7.6"]
[White "Vardakas, Stefanos"]
[Black "Galaras, Anestis"]
[Result "0-1"]
[WhiteElo "1966"]
[BlackElo "1751"]
[PlyCount "96"]
[EventDate "2021.10.05"]
[EventType "team-swiss"]
[EventRounds "7"]
[EventCountry "GRE"]
[SourceTitle "CBM 204 Extra"]
[Source "ChessBase"]
[SourceDate "2021.11.30"]
[SourceVersion "1"]
[SourceVersionDate "2021.11.30"]
[SourceQuality "1"]
[WhiteTeam "Katerinis"]
[BlackTeam "Kalamarias Han"]
[WhiteTeamCountry "GRE"]
[BlackTeamCountry "GRE"]

1. d4 Nf6 2. Bf4 e6 3. e3 d5 4. Nf3 Bd6 5. Bg3 0-0 6. c3 Nc6 7. Bd3 Re8 8. Ne5 Ne7 9. Nd2 Nf5 10. Qe2 c5 11. Bf4 Bf8 12. g4 Nd6 13. f3 Qb6 14. Rb1 Nd7 15. g5 cxd4 16. cxd4 Nxe5 17. Bxe5 Nf5 18. 0-0 Bd7 19. h4 Bd6 20. Bxd6 Qxd6 21. f4 Ng3 22. Qf3 Nxf1 23. Rxf1 Qb4 24. Qh5 g6 25. Qe2 Qe7 26. h5 f6 27. hxg6 fxg5 28. gxh7+ Kh8 29. Qh5 gxf4 30. Nf3 Rf8 31. Qe5+ Qg7+ 32. Qxg7+ Kxg7 33. Ne5 Be8 34. exf4 Rc8 35. Kg2 a6 36. Kf3 Bh5+ 37. Kg3 Kh8 38. Kh4 Be8 39. Kg5 Rc7 40. Re1 Rg7+ 41. Ng6+ Bxg6 42. Bxg6 Rf5+ 43. Kh6 Rf6 44. f5 b5 45. Rxe6 Rgxg6+ 46. fxg6 Rxe6 47. Kg5 Kg7 48. Kf5 Re4 0-1

[Event "Wch Seniors 50 24th"]
[Site "Katerini"]
[Date "2014.10.31"]
[Round "7"]
[White "Giulian, Philip Maurice"]
[Black "Vardakas, Stefanos"]
[Result "1/2-1/2"]
[WhiteElo "2177"]
[BlackElo "1954"]
[PlyCount "51"]
[EventDate "2014.10.24"]
[EventType "swiss"]
[EventRounds "11"]
[EventCountry "GRE"]
[SourceTitle "EXT 2015"]
[Source "ChessBase"]
[SourceDate "2014.11.20"]
[SourceVersion "1"]
[SourceVersionDate "2014.11.20"]
[SourceQuality "1"]

1. Nf3 Nf6 2. g3 d5 3. Bg2 c5 4. 0-0 Nc6 5. d4 e6 6. c4 dxc4 7. dxc5 Bxc5 8. Qxd8+ Nxd8 9. Ne5 Bd7 10. Nd2 Rc8 11. Ndxc4 Bb5 12. b3 0-0 13. Bb2 Nd7 14. Nxd7 Bxd7 15. Rfd1 Bc6 16. Ne5 Bxg2 17. Kxg2 Be7 18. Rac1 Rxc1 19. Rxc1 f6 20. Nd7 Re8 21. Nc5 Bxc5 22. Rxc5 Nc6 23. Bc3 Rd8 24. b4 a6 25. a4 Rd7 26. e4 1/2-1/2

[Event "Wch Seniors 50 24th"]
[Site "Katerini"]
[Date "2014.10.27"]
[Round "4"]
[White "Vardakas, Stefanos"]
[Black "Habibi, Ali"]
[Result "0-1"]
[WhiteElo "1954"]
[BlackElo "2247"]
[PlyCount "86"]
[EventDate "2014.10.24"]
[EventType "swiss"]
[EventRounds "11"]
[EventCountry "GRE"]
[SourceTitle "EXT 2015"]
[Source "ChessBase"]
[SourceDate "2014.11.20"]
[SourceVersion "1"]
[SourceVersionDate "2014.11.20"]
[SourceQuality "1"]

1. e4 d6 2. d4 Nf6 3. Nc3 g6 4. f3 Bg7 5. Be3 0-0 6. Qd2 e5 7. d5 c5 8. 0-0-0 b5 9. Nxb5 a6 10. Na3 Ne8 11. g4 f5 12. gxf5 gxf5 13. Bh3 f4 14. Bf2 Nd7 15. Ne2 Kh8 16. Rdg1 Rb8 17. Nc3 Rb4 18. Nd1 a5 19. Be1 Ba6 20. Qg2 Rb7 21. Bxd7 Rxd7 22. Bc3 a4 23. Nf2 Qh4 24. Nh3 Bf6 25. Qg4 Qxg4 26. Rxg4 Be2 27. Ng1 Bf1 28. h4 h5 29. Rg5 Bxg5 30. hxg5 Ng7 31. Kd2 Kh7 32. Rh2 Kg6 33. Ne2 Kxg5 34. Nc4 h4 35. Ke1 Bxe2 36. Rg2+ Kh6 37. Kxe2 Nh5 38. Rg4 Ng3+ 39. Kf2 Kh5 40. Kg2 Nxe4 41. Be1 h3+ 42. Kxh3 Ng5+ 43. Kg2 Nxf3 0-1

[Event "Thessaloniki White Tower A"]
[Site "Thessaloniki"]
[Date "2014.01.04"]
[Round "3.5"]
[White "Tsikerdanos, Konstantinos"]
[Black "Vardakas, Stefanos"]
[Result "1-0"]
[WhiteElo "2044"]
[BlackElo "1996"]
[PlyCount "58"]
[EventDate "2014.01.02"]
[EventType "swiss"]
[EventRounds "7"]
[EventCountry "GRE"]
[SourceTitle "EXT 2024"]
[Source "ChessBase"]
[SourceDate "2023.10.10"]
[SourceVersion "1"]
[SourceVersionDate "2023.10.10"]
[SourceQuality "1"]

1. d4 d5 2. c4 e6 3. Nc3 Nf6 4. cxd5 exd5 5. Bg5 Be7 6. e3 0-0 7. Bd3 c6 8. Qc2 h6 9. Bh4 Be6 10. Nge2 Nbd7 11. h3 b5 12. f4 Nb6 13. f5 Bd7 14. b3 b4 15. Nd1 a5 16. 0-0 a4 17. Nf2 Ra7 18. Qd2 Qa8 19. Bxf6 Bxf6 20. Qxb4 Rb8 21. Qc3 Nc8 22. Ng4 Be7 23. f6 Bb4 24. fxg7 Bxg4 25. Qb2 Bxe2 26. Qxe2 f6 27. Qh5 Rxg7 28. Qe8+ Bf8 29. Rxf6 Nd6 1-0

[Event "Thessaloniki op"]
[Site "Thessaloniki"]
[Date "2010.04.10"]
[Round "8"]
[White "Vardakas, Stefanos"]
[Black "Heydarli, Kanan Beyukkishi Og"]
[Result "0-1"]
[WhiteElo "2003"]
[BlackElo "2213"]
[PlyCount "68"]
[EventDate "2010.04.04"]
[EventType "swiss"]
[EventRounds "9"]
[EventCountry "GRE"]
[SourceTitle "CBM 135 Extra"]
[Source "ChessBase"]
[SourceDate "2010.05.04"]
[SourceVersion "1"]
[SourceVersionDate "2010.05.04"]
[SourceQuality "1"]

1. e4 c5 2. Nc3 e6 3. f4 Nc6 4. Nf3 d6 5. d4 cxd4 6. Nxd4 Nge7 7. Be3 a6 8. Qf3 Nxd4 9. Bxd4 Nc6 10. Be3 Be7 11. 0-0-0 Qc7 12. g4 b5 13. Kb1 Bb7 14. Rg1 Rc8 15. Bd3 Bf6 16. Ne2 Nb4 17. Rc1 d5 18. e5 d4 19. Qg3 dxe3 20. exf6 gxf6 21. Qxe3 Qa5 22. a3 Nd5 23. Qd4 b4 24. Rcd1 bxa3 25. b3 Nc3+ 26. Nxc3 Qxc3 27. Qxc3 Rxc3 28. Ka2 Ke7 29. Kxa3 Rhc8 30. Kb2 h6 31. Ra1 R8c7 32. Ra2 R3c6 33. Ra5 Rd6 34. Rh5 Bf3 0-1

[Event "Thessaloniki op"]
[Site "Thessaloniki"]
[Date "2010.04.09"]
[Round "7"]
[White "Galopoulos, Nikolaos"]
[Black "Vardakas, Stefanos"]
[Result "1/2-1/2"]
[WhiteElo "2333"]
[BlackElo "2003"]
[PlyCount "44"]
[EventDate "2010.04.04"]
[EventType "swiss"]
[EventRounds "9"]
[EventCountry "GRE"]
[SourceTitle "CBM 135 Extra"]
[Source "ChessBase"]
[SourceDate "2010.05.04"]
[SourceVersion "1"]
[SourceVersionDate "2010.05.04"]
[SourceQuality "1"]

1. d4 Nf6 2. c4 c5 3. Nf3 cxd4 4. Nxd4 d6 5. g3 g6 6. Bg2 Bg7 7. 0-0 0-0 8. Nc3 Qc7 9. Bg5 Qxc4 10. Rc1 Nc6 11. Nxc6 bxc6 12. Nd5 Qxa2 13. Nxe7+ Kh8 14. Nxc6 d5 15. Bxf6 Bxf6 16. Bxd5 Qxb2 17. Ne5 Bh3 18. Nxf7+ Rxf7 19. Bxf7 Rd8 20. Qb3 Bxf1 21. Rxf1 Qxe2 22. Bc4 Qb2 1/2-1/2

[Event "Ptolemaida Atomiko op 10th"]
[Site "Ptolemaida"]
[Date "2009.03.28"]
[Round "5"]
[White "Mitsis, Ioannis"]
[Black "Vardakas, Stefanos"]
[Result "1-0"]
[WhiteElo "2006"]
[BlackElo "2034"]
[PlyCount "111"]
[EventDate "2009.03.26"]
[EventType "swiss"]
[EventRounds "7"]
[EventCountry "GRE"]
[SourceTitle "EXT 2011"]
[Source "ChessBase"]
[SourceDate "2010.11.26"]
[SourceVersion "1"]
[SourceVersionDate "2010.11.26"]
[SourceQuality "1"]

1. e4 c5 2. c3 e5 3. Nf3 Nc6 4. d4 cxd4 5. cxd4 exd4 6. Nxd4 Nf6 7. Nc3 Bb4 8. Nxc6 dxc6 9. Qb3 Qa5 10. Bd2 Be6 11. Qc2 0-0-0 12. Be2 Rxd2 13. Kxd2 Qg5+ 14. f4 Qxf4+ 15. Ke1 Nxe4 16. Rf1 Qe5 17. Rf3 Ng5 18. Rg3 Re8 19. a3 Bxc3+ 20. Qxc3 Bd5 21. Qxe5 Rxe5 22. Kf1 g6 23. Re1 Ne4 24. Rh3 h5 25. Kg1 Kc7 26. Bd3 Kd6 27. Rhe3 f5 28. Bxe4 Bxe4 29. h4 c5 30. Kf2 b5 31. Kg3 a5 32. Kf4 Re6 33. Rd1+ Kc6 34. Rd8 c4 35. Ra8 Kb6 36. Rh8 Kc5 37. b3 Rd6 38. bxc4 Kxc4 39. Rc8+ Kd4 40. Rb3 Bd3 41. Rc1 Bc4 42. Rd1+ Kc5 43. Rxd6 Kxd6 44. Rg3 Bf7 45. Rd3+ Kc5 46. Ke5 Kc4 47. Rd7 Be8 48. Rd8 Bf7 49. Rf8 Kb3 50. Rxf7 Kxa3 51. Kd4 b4 52. Kc4 a4 53. Ra7 f4 54. Ra6 b3 55. Kc3 b2 56. Kc2 1-0

[Event "Ptolemaida Atomiko op 10th"]
[Site "Ptolemaida"]
[Date "2009.03.28"]
[Round "6"]
[White "Papoutsis, Vasileios"]
[Black "Vardakas, Stefanos"]
[Result "0-1"]
[WhiteElo "1895"]
[BlackElo "2034"]
[PlyCount "148"]
[EventDate "2009.03.26"]
[EventType "swiss"]
[EventRounds "7"]
[EventCountry "GRE"]
[SourceTitle "EXT 2011"]
[Source "ChessBase"]
[SourceDate "2010.11.26"]
[SourceVersion "1"]
[SourceVersionDate "2010.11.26"]
[SourceQuality "1"]

1. e4 c5 2. Nf3 d6 3. d4 cxd4 4. Nxd4 Nf6 5. Nc3 a6 6. Be3 Ng4 7. Bg5 Nc6 8. h3 Nge5 9. Be3 e6 10. Be2 Be7 11. 0-0 0-0 12. a4 Nxd4 13. Bxd4 Nc6 14. Be3 Qc7 15. f4 Bf6 16. f5 Ne5 17. fxe6 fxe6 18. Bd4 Bd7 19. a5 Bc6 20. Bb6 Qe7 21. Kh1 Rac8 22. Bd3 Nd7 23. Be3 Be5 24. Na4 Qh4 25. Qg4 Qxg4 26. Rxf8+ Rxf8 27. hxg4 Nf6 28. Bc4 Re8 29. Nb6 Nxg4 30. Bd2 Nf2+ 31. Kg1 Nxe4 32. Bc1 Bd4+ 33. Kh2 d5 34. Be2 Rf8 35. c3 Be5+ 36. Kg1 Bg3 37. Bf3 Nd6 38. Be3 Nf5 39. Bc5 Bd6 40. Bf2 Ne7 41. Re1 e5 42. Bxd5+ Bxd5 43. Nxd5 Nxd5 44. Rd1 Nxc3 45. bxc3 Rd8 46. Rb1 Rd7 47. Kf1 Kf7 48. Ke2 Ke6 49. c4 Be7 50. g4 Bd8 51. Be1 g6 52. Bc3 Bf6 53. Rb6+ Ke7 54. c5 Bg7 55. c6 bxc6 56. Rxa6 Kd6 57. Bb4+ Kd5 58. Ra8 c5 59. Bd2 e4 60. g5 Bd4 61. Re8 c4 62. Rc8 Bc5 63. Bc3 Rf7 64. Rd8+ Kc6 65. Rc8+ Kb5 66. Be1 Rf5 67. Bd2 c3 68. Bxc3 Rxg5 69. Re8 Rg2+ 70. Kf1 Rf2+ 71. Ke1 e3 72. Re5 Kc4 73. Kd1 Ra2 74. Be1 Bd4 0-1

[Event "White Tower op 6th"]
[Site "Thessaloniki"]
[Date "2002.12.27"]
[Round "7.7"]
[White "Oreopoulos, Konstantinos"]
[Black "Vardakas, Stefanos"]
[Result "1-0"]
[WhiteElo "2260"]
[BlackElo "2064"]
[PlyCount "79"]
[EventDate "2002.12.21"]
[EventType "swiss"]
[EventRounds "9"]
[EventCountry "GRE"]
[SourceTitle "EXT 2004"]
[Source "ChessBase"]
[SourceDate "2003.11.25"]
[SourceVersion "1"]
[SourceVersionDate "2003.11.25"]
[SourceQuality "1"]

1. d4 f5 2. Nc3 d5 3. Bg5 h6 4. Bf4 g6 5. Nf3 g5 6. Be5 Nf6 7. e3 Bg7 8. Bd3 0-0 9. h4 g4 10. Nd2 c6 11. Nf1 Nbd7 12. f4 Nxe5 13. fxe5 Nh5 14. Ne2 Qb6 15. b3 c5 16. c3 Bd7 17. Nfg3 Nxg3 18. Nxg3 cxd4 19. exd4 Rac8 20. Qd2 e6 21. Ne2 Rf7 22. Qe3 Rcf8 23. g3 Kh7 24. 0-0 Be8 25. Nf4 Rc7 26. c4 dxc4 27. Bxc4 Bf7 28. Rad1 Rfc8 29. Rfe1 h5 30. d5 Qxe3+ 31. Rxe3 exd5 32. Bxd5 Bxd5 33. Nxd5 Rc1 34. Rde1 Bh6 35. R3e2 Rxe1+ 36. Rxe1 Kg7 37. e6 Re8 38. e7 Kf7 39. Re5 Rc8 40. Nc7 1-0

[Event "Bouzakis Memorial-C"]
[Site "Chania"]
[Date "2000.08.26"]
[Round "7"]
[White "Trikaliotis, Georgios"]
[Black "Vardakas, Stefanos"]
[Result "1-0"]
[WhiteElo "2170"]
[BlackElo "2140"]
[PlyCount "53"]
[EventDate "2000.08.20"]
[EventType "tourn"]
[EventRounds "9"]
[EventCountry "GRE"]
[SourceTitle "EXT 2004"]
[Source "ChessBase"]
[SourceDate "2003.11.25"]
[SourceVersion "1"]
[SourceVersionDate "2003.11.25"]
[SourceQuality "1"]

1. d4 Nf6 2. Nf3 c5 3. e3 g6 4. Bd3 Bg7 5. 0-0 b6 6. Qe2 Bb7 7. Nbd2 0-0 8. c3 d6 9. Rd1 Nbd7 10. e4 Ne8 11. Nf1 h6 12. Be3 Qc7 13. Ng3 Rc8 14. h4 c4 15. Bc2 e5 16. h5 Kh7 17. Nh4 Nef6 18. f4 Rce8 19. dxe5 dxe5 20. hxg6+ fxg6 21. f5 g5 22. Ng6 Rf7 23. Rd2 Nf8 24. Rad1 Nxg6 25. fxg6+ Kxg6 26. Rd6 Bf8 27. Qh5+ 1-0

[Event "Bouzakis Memorial-C"]
[Site "Chania"]
[Date "2000.08.20"]
[Round "1"]
[White "Psomiadis, Stavros"]
[Black "Vardakas, Stefanos"]
[Result "1-0"]
[WhiteElo "2230"]
[BlackElo "2140"]
[PlyCount "81"]
[EventDate "2000.08.20"]
[EventType "tourn"]
[EventRounds "9"]
[EventCountry "GRE"]
[SourceTitle "EXT 2004"]
[Source "ChessBase"]
[SourceDate "2003.11.25"]
[SourceVersion "1"]
[SourceVersionDate "2003.11.25"]
[SourceQuality "1"]

1. e4 c5 2. Nf3 d6 3. d4 cxd4 4. Qxd4 Nc6 5. Bb5 Bd7 6. Bxc6 bxc6 7. c4 Qb6 8. Be3 c5 9. Qc3 Rb8 10. 0-0 Qxb2 11. Qxb2 Rxb2 12. Nc3 e6 13. Rab1 Rb4 14. e5 Bc6 15. a3 Rxc4 16. Rb8+ Kd7 17. Rxf8 Rxc3 18. exd6 f6 19. Rb1 Kxd6 20. Rbb8 Rxa3 21. h3 Ra1+ 22. Kh2 Ra5 23. Rbd8+ Ke7 24. Rxg8 Rxg8 25. Rxg8 g5 26. Rg7+ Kd6 27. Rxh7 e5 28. Rh6 Bxf3 29. Rxf6+ Kd5 30. Rxf3 Ra3 31. Rf7 a5 32. Bxg5 c4 33. h4 Rb3 34. h5 a4 35. Ra7 a3 36. h6 Rb8 37. Rxa3 Kd4 38. Ra7 c3 39. h7 Rc8 40. Rd7+ Kc4 41. Rd8 1-0